Obcokrajowcy z największą liczbą goli w Ekstraklasie - Statystyki

Ogólne statystyki
  • Ten quiz został rozwiązany 47 razy
    4 od ostatniego zresetowania
  • Średni wynik to 44 z 56
Statystyki odpowiedzi
Miejsce Zawodnik Narodowość Gole Mecze Kluby Lata gry % Poprawnych
43. Adam Zreľák 🇸🇰 27 113 Warta Poznań (21), GKS Katowice (6) 2021-
100%
30. Afimico Pululu 🇨🇩 / 🇦🇴 / 🇫🇷 32 88 Jagiellonia Białystok 2023-
100%
26. Artjoms Rudņevs 🇱🇻 33 56 Lech Poznań 2010-2012
100%
50. Arvydas Novikovas 🇱🇹 25 97 Jagiellonia Białystok (21), Legia Warszawa (4) 2017-2020
100%
17. Carlitos 🇪🇸 41 95 Wisła Kraków (24), Legia Warszawa (17) 2017-2023
100%
7. Christian Gytkjær 🇩🇰 55 102 Lech Poznań 2017-2020
100%
46. Dani Ramírez 🇪🇸 26 124 ŁKS Łódź (15), Lech Poznań (11) 2019-2024
100%
26. Darko Jevtić 🇨🇭 33 155 Lech Poznań 2014-2019
100%
43. Deniss Rakels 🇱🇻 27 93 Cracovia 2011-2018
100%
14. Eftimis Kuluris 🇬🇷 43 70 Pogoń Szczecin 2023-2025
100%
8. Erik Expósito 🇪🇸 54 152 Śląsk Wrocław 2020-2024
100%
1. Flávio Paixão 🇵🇹 108 310 Śląsk Wrocław (24), Lechia Gdańsk (84) 2014-2023
100%
5. Igor Angulo 🇪🇸 62 106 Górnik Zabrze 2017-2020
100%
46. Illa Szkuryn 🇧🇾 26 91 Stal Mielec (21), Legia Warszawa (2), GKS Katowice (3) 2023-
100%
11. Ivi López 🇪🇸 50 130 Raków Częstochowa 2020-
100%
1. Jesús Imaz 🇪🇸 108 262 Wisła Kraków (14), Jagiellonia Białystok (94) 2017-
100%
43. João Amaral 🇵🇹 27 92 Lech Poznań 2018-2023
100%
46. Jonatan Braut Brunes 🇳🇴 26 57 Raków Częstochowa 2024-
100%
14. Jorge Félix 🇪🇸 43 177 Piast Gliwice 2018-
100%
8. Kasper Hämäläinen 🇫🇮 54 191 Lech Poznań (33), Legia Warszawa (21) 2013-2019
100%
46. Konstantin Vassiljev 🇪🇪 26 115 Piast Gliwice (6), Jagiellonia Białystok (20) 2014-2018
100%
34. Leonardo Rocha 🇵🇹 / 🇧🇷 30 92 Radomiak Radom (21), Raków Częstochowa (2), Zagłębie Lubin (7) 2023-
100%
39. Luka Zahovič 🇸🇮 / 🇵🇹 29 144 Pogoń Szczecin (20), Górnik Zabrze (9) 2020-2025
100%
25. Marc Gual 🇪🇸 35 101 Jagiellonia Białystok (18), Legia Warszawa (17) 2022-2025
100%
6. Marco Paixão 🇵🇹 61 123 Śląsk Wrocław (27), Lechia Gdańsk (34) 2013-2018
100%
3. Mikael Ishak 🇸🇪 86 156 Lech Poznań 2020-
100%
4. Miroslav Radović 🇷🇸 / 🇵🇱 66 276 Legia Warszawa 2006-2019
100%
18. Nemanja Nikolić 🇷🇸 / 🇭🇺 40 56 Legia Warszawa 2015-2016
100%
50. Petr Schwarz 🇨🇿 25 175 Raków Częstochowa (12), Śląsk Wrocław (13) 2019-2025
100%
21. Semir Štilić 🇧🇦 39 211 Lech Poznań (18), Wisła Kraków (17), Wisła Płock (4) 2008-2019
100%
26. Taras Romanczuk 🇺🇦 / 🇵🇱 33 355 Jagiellonia Białystok 2014-
100%
11. Tomáš Pekhart 🇨🇿 50 120 Legia Warszawa 2020-2025
100%
50. Abdou Razack Traoré 🇧🇫 25 64 Lechia Gdańsk 2010-2013
67%
34. Airam Cabrera 🇪🇸 30 60 Korona Kielce (16), Cracovia (14) 2015-2021
67%
26. Benjamin Källman 🇫🇮 33 100 Cracovia 2022-2025
67%
13. Edi Andradina 🇧🇷 45 186 Pogoń Szczecin (26), Korona Kielce (19) 2005-2013
67%
23. Fedor Černych 🇱🇹 36 181 Górnik Łęczna (12), Jagiellonia Białystok (24) 2014-2022
67%
50. Hernán Rengifo 🇵🇪 25 59 Lech Poznań 2007-2009
67%
40. Ilijan Micanski 🇧🇬 28 83 Amica Wronki (6), Odra Wodzisław Śl. (5), Zagłębie Lubin (14), Korona Kielce (3) 2005-2017
67%
16. Jesús Jiménez 🇪🇸 42 145 Górnik Zabrze (37), Bruk-Bet Termalica Nieciecza (5) 2018-
67%
18. Michal Papadopulos 🇨🇿 40 206 Zagłębie Lubin (21), Piast Gliwice (16), Korona Kielce (3) 2012-2020
67%
50. Préjuce Nakoulma 🇧🇫 25 95 Widzew Łódź (1), Górnik Zabrze (24) 2010-2014
67%
32. Róbert Demjan 🇸🇰 31 125 Podbeskidzie Bielsko-Biała 2011-2016
67%
10. Róbert Pich 🇸🇰 52 270 Śląsk Wrocław 2014-2023
67%
21. Takesure Chinyama 🇿🇼 39 83 Dyskobolia Grodzisk Wlkp. (3), Legia Warszawa (36) 2007-2011
67%
23. Vladislavs Gutkovskis 🇱🇻 36 156 Termalica Bruk-Bet Nieciecza (11), Raków Częstochowa (24), Arka Gdynia (1) 2016-
67%
34. Wahan Geworgian 🇦🇲 / 🇵🇱 30 236 Wisła Płock (21), ŁKS Łódź (3), Zawisza Bydgoszcz (6) 1999-2014
67%
40. Wladimer Dwaliszwili 🇬🇪 28 89 Polonia Warszawa (10), Legia Warszawa (15), Pogoń Szczecin (3) 2012-2016
67%
32. José Kanté 🇬🇳 / 🇪🇸 31 121 Wisła Płock (19), Legia Warszawa (12) 2016-2021
33%
40. Saša Živec 🇸🇮 28 178 Piast Gliwice (15), Zagłębie Lubin (13) 2014-2023
33%
18. Stanko Svitlica 🇷🇸 40 62 Legia Warszawa 2001-2003
33%
50. Vuk Sotirović 🇷🇸 25 77 Jagiellonia Białystok (8), Śląsk Wrocław (17) 2007-2011
33%
50. Andrij Mychalczuk 🇺🇦 25 223 Widzew Łódź 1992-2001
0%
34. Damjan Bohar 🇸🇮 30 111 Zagłębie Lubin 2018-2024
0%
30. Gražvydas Mikulėnas 🇱🇹 32 118 Polonia Warszawa (24), GKS Katowice (3), Wisła Płock (4), Ruch Chorzów (1) 1997-2007
0%
34. Rubén Jurado 🇪🇸 30 120 Piast Gliwice (25), Arka Gdynia (5) 2012-2018
0%
Nie znaleziono quizów pasujących do podanych kryteriów
Rozkład punktacji
Procent ludzi z każdym wynikiem
Percentyl według liczby udzielonych odpowiedzi
Twoja historia wyników
Nie rozwiązałeś tego quizu od ostatniego zresetowania